Llwytho...
LIC and urban housing /
| Prif Awdur: | |
|---|---|
| Fformat: | Printed Book |
| Iaith: | English |
| LEADER | 00384nam a2200109Ia 4500 | ||
|---|---|---|---|
| 008 | 150624b xxu||||| |||| 00| 0 eng d | ||
| 082 | |a 368 | ||
| 100 | |a Mohsin, Mohammad | ||
| 245 | |a LIC and urban housing / |c Mohammad Mohsin | ||
| 942 | |c BK | ||
| 999 | |c 13383 |d 13383 | ||
| 952 | |0 0 |1 0 |4 0 |6 368_000000000000000_MOH_L |7 0 |9 13382 |a UL |b UL |c ST1 |d 1998-09-01 |l 1 |o 368 MOH/L |p 19919 |r 2013-02-06 |s 2013-01-11 |w 2012-10-27 |y BK | ||